[Event "AUTO-INT-410"]
[Site "http://www.queenalice.com/game.php?id=278327"]
[Date "2007.9.28"]
[Round "2"]
[White "nas"]
[Black "awana81"]
[Result "0-1"]
[WhiteElo "1711"]
[BlackElo "1815"]

1. e4 e5 2. Nf3 Nc6 3. Bc4 Bc5 4. c3 Nf6 5. d4 exd4 6. cxd4 Bb4+ 7. Nc3 Nxe4 8.
Qe2 Bxc3+ 9. bxc3 d5 10. Ba3 Be6 11. Qe3 Nxf2 12. Qxf2 dxc4 13. O-O Qf6 14. Qb2
Nd8 15. Qb5+ c6 16. Qc5 Bd5 17. Rae1+ Ne6 18. Qd6 Rd8 19. Qb4 Rd7 20. Ne5 Qd8
21. Nxd7 Qxd7 22. Qb2 Kd8 23. Rb1 b5 24. Qc2 Ng5 25. Rbe1 f6 26. Bc5 Re8 27.
Rxe8+ Qxe8 28. Bxa7 Qe3+ 29. Kh1 Nh3 30. Bb6+ Kd7 31. Qf5+ Be6 32. Qf3 Qd2 33.
gxh3 Bd5 0-1

[Event "AUTO-INT-410"]
[Site "http://www.queenalice.com/game.php?id=278328"]
[Date "2007.9.28"]
[Round "2"]
[White "awana81"]
[Black "nas"]
[Result "0-1"]
[WhiteElo "1837"]
[BlackElo "1702"]

1. e4 e5 2. Nf3 Nf6 3. d3 Nc6 4. Nc3 Bc5 5. Bg5 O-O 6. g3 h6 7. Bh4 Nd4 8. Na4
Nxf3+ 9. Qxf3 Be7 10. Bxf6 Bxf6 11. h4 b5 12. Nc3 c6 13. Bg2 d6 14. Qh5 a5 15.
g4 b4 16. Ne2 d5 17. g5 g6 18. Qf3 hxg5 19. hxg5 Bxg5 20. Bh3 Ba6 21. Bg4 Kg7
22. Qh3 Rh8 23. Qg2 Qd6 24. Bh3 Qf6 25. Rg1 d4 26. Bd7 c5 27. Kf1 Bh6 28. Ng3
Bf4 29. Ke2 Bxg3 30. Qxg3 Qh4 31. Qxe5+ Qf6 32. Qxc5 Rac8 33. Bxc8 Rxc8 34. e5
Qf4 35. Rxg6+ fxg6 36. Qa7+ Qf7 37. Qxa6 Rxc2+ 38. Kd1 Rxb2 39. Rc1 Qf3+ 0-1

[Event "AUTO-ADV-732"]
[Site "http://www.queenalice.com/game.php?id=314348"]
[Date "2007.12.3"]
[Round "1"]
[White "altair"]
[Black "nas"]
[Result "0-1"]
[WhiteElo "1696"]
[BlackElo "1687"]

1. e4 e5 2. Nf3 Nc6 3. Bb5 a6 4. Bxc6 dxc6 5. d3 Bg4 6. h3 Be6 7. Nxe5 Bd6 8.
Nf3 Ne7 9. Nc3 O-O 10. a3 c5 11. O-O c4 12. e5 Bc5 13. d4 Ba7 14. Be3 Bd5 15.
Nd2 Be6 16. Qe2 b5 17. f4 Nd5 18. Nde4 Nxc3 19. Nxc3 f5 20. exf6 Qxf6 21. Rad1
Rad8 22. Ne4 Qf5 23. Ng3 Qg6 24. Kh2 Bb8 25. c3 c6 26. Rf2 Rd5 27. Rdf1 Qd3 28.
Qxd3 cxd3 29. Rd2 Rd7 30. Rxd3 Bc4 31. Rdd1 Bxf1 32. Rxf1 Rdf7 33. Ne2 Re8 34.
Rf3 Rfe7 35. Kg1 Rxe3 36. Kf2 Rxe2+ 37. Kg3 R2e3 38. Kf2 Rxf3+ 39. Kxf3 Bd6 40.
g4 Re1 41. f5 Rb1 42. g5 Rxb2 43. Kg4 Bxa3 44. f6 gxf6 45. gxf6 Rc2 0-1

[Event "AUTO-ADV-732"]
[Site "http://www.queenalice.com/game.php?id=314349"]
[Date "2007.12.3"]
[Round "1"]
[White "nas"]
[Black "altair"]
[Result "1-0"]
[WhiteElo "1681"]
[BlackElo "1713"]

1. e4 e5 2. Nf3 d6 3. d4 Bg4 4. h3 Bxf3 5. Qxf3 exd4 6. e5 Nc6 7. exd6 Bxd6 8.
Bc4 Nf6 9. O-O O-O 10. Bg5 Qe7 11. Nd2 Qe5 12. Qg3 Ne4 13. Qxe5 Bxe5 14. Nxe4 h6
15. Bd2 Ne7 16. Bb4 Rfe8 17. Rfe1 Ng6 18. Bd3 b6 19. Bd2 a6 20. c3 b5 21. Nc5
dxc3 22. Bxc3 Bd6 23. Rxe8+ Rxe8 24. Nxa6 c6 25. a4 bxa4 26. Rxa4 Ne5 27. Re4
Kf8 28. Bxe5 Bxe5 29. b4 f5 30. Re2 g6 31. Nc5 Kf7 32. Nd7 Bd6 33. Rxe8 Kxe8 34.
Nc5 Ke7 35. g4 fxg4 36. hxg4 Bxc5 37. bxc5 g5 38. Kg2 Ke6 39. Be4 Kd7 40. Kg3
Kc7 41. f4 Kd7 42. fxg5 hxg5 43. Kf3 1-0

[Event "AUTO-ADV-732"]
[Site "http://www.queenalice.com/game.php?id=314362"]
[Date "2007.12.3"]
[Round "1"]
[White "Capixaba789"]
[Black "nas"]
[Result "0-1"]
[WhiteElo "1875"]
[BlackElo "1626"]

1. e3 e5 2. c3 d5 3. Nf3 Nc6 4. Bb5 a6 5. Bxc6+ bxc6 6. Nxe5 Qg5 7. Nf3 Qxg2 8.
Rg1 Qh3 9. d4 Bg4 10. Rg3 Qh5 11. Nbd2 Bd6 12. Rg1 Nf6 13. b3 Ne4 14. Nxe4 dxe4
15. b4 Bxf3 16. Qa4 O-O 17. Ba3 Bxh2 18. Kd2 Qb5 19. Qxb5 axb5 20. Rgc1 Rxa3 21.
c4 Rfa8 22. cxb5 Rxa2+ 23. Rxa2 Rxa2+ 24. Ke1 Bg1 25. Rxc6 Bxf2+ 26. Kf1 Bxe3
27. Rxc7 Ra1+ 0-1

[Event "AUTO-ADV-732"]
[Site "http://www.queenalice.com/game.php?id=314363"]
[Date "2007.12.3"]
[Round "1"]
[White "nas"]
[Black "Capixaba789"]
[Result "0-1"]
[WhiteElo "1649"]
[BlackElo "1810"]

1. e4 e6 2. d4 Nf6 3. Nc3 d6 4. Nf3 Nc6 5. Bb5 Bd7 6. O-O a6 7. Bd3 h6 8. d5
exd5 9. exd5 Nb4 10. Re1+ Be7 11. Bc4 a5 12. a3 Na6 13. Bd2 O-O 14. Ne2 Nc5 15.
Ng3 Bg4 16. h3 Bxf3 17. Qxf3 Re8 18. Nf5 Ncd7 19. Qg3 Nh5 20. Be2 Nxg3 0-1

[Event "AUTO-ADV-732"]
[Site "http://www.queenalice.com/game.php?id=314370"]
[Date "2007.12.3"]
[Round "1"]
[White "SardeBR"]
[Black "nas"]
[Result "0-1"]
[WhiteElo "1686"]
[BlackElo "1631"]

1. Nf3 Nf6 2. d4 d5 3. e3 e6 4. Bb5+ Bd7 5. Bd3 c5 6. b3 cxd4 7. Nxd4 Bd6 8. Qe2
Qc7 9. Bb5 Bxh2 10. g3 Bxg3 11. Bxd7+ Nbxd7 12. fxg3 Qxg3+ 13. Kd1 Ne4 14. Rf1
Ndf6 15. Nd2 Nc3# 0-1

[Event "AUTO-ADV-732"]
[Site "http://www.queenalice.com/game.php?id=314371"]
[Date "2007.12.3"]
[Round "1"]
[White "nas"]
[Black "SardeBR"]
[Result "0-1"]
[WhiteElo "1639"]
[BlackElo "1709"]

1. e4 Nc6 2. d4 e6 3. Nf3 Bb4+ 4. c3 Ba5 5. Be2 Qf6 6. O-O Nce7 7. b4 Bb6 8. c4
a6 9. Nc3 Ba7 10. Bd3 Bxd4 11. Nxd4 Qxd4 12. Bb2 Qa7 13. Qg4 Ng6 14. Ne2 e5 15.
Bxe5 d6 16. Qxc8+ Rxc8 17. Bxg7 N8e7 18. Bxh8 Nxh8 0-1

[Event "AUTO-INT-491"]
[Site "http://www.queenalice.com/game.php?id=335409"]
[Date "2008.1.12"]
[Round "2"]
[White "Alejandrito"]
[Black "nas"]
[Result "1-0"]
[WhiteElo "1872"]
[BlackElo "1699"]

1. e4 e5 2. Nf3 Nf6 3. Nc3 Nc6 4. d4 d6 5. d5 Ne7 6. Bg5 Ng6 7. h3 Be7 8. Bc4
O-O 9. O-O Nd7 10. Qd2 Bxg5 11. Nxg5 Nf4 12. Nf3 Qf6 13. Qe3 Qg6 14. Nh4 Qf6 15.
Qg3 Nb6 16. b3 Ng6 17. Nxg6 Qxg6 18. Qxg6 fxg6 19. Nb5 Rf7 20. a4 a5 21. g3 Bxh3
22. Rfe1 Nxc4 23. bxc4 c6 24. dxc6 bxc6 25. Nxd6 Rd7 26. c5 Be6 27. Rab1 Rc7 28.
f3 Rf8 29. Kf2 h6 30. Nb7 Rb8 31. Nxa5 Rxb1 32. Rxb1 g5 33. Rb7 Rc8 34. Rb6 Bd7
35. Nc4 Re8 36. a5 g4 37. a6 Ra8 38. Nxe5 Bc8 39. Nxc6 Rxa6 40. Ne7+ Kf7 41.
Nxc8 1-0

[Event "AUTO-INT-491"]
[Site "http://www.queenalice.com/game.php?id=335410"]
[Date "2008.1.12"]
[Round "2"]
[White "nas"]
[Black "Alejandrito"]
[Result "0-1"]
[WhiteElo "1698"]
[BlackElo "1829"]

1. e4 e5 2. Nf3 Nc6 3. Bc4 Nf6 4. Nc3 d6 5. d4 exd4 6. Nxd4 Nxd4 7. Qxd4 c5 8.
Qd3 Qc7 9. O-O Be7 10. Bg5 O-O 11. Rfe1 Be6 12. Rad1 Rad8 13. Bxe6 fxe6 14. f3
Nh5 15. Bxe7 Qxe7 16. Qd2 Rf6 17. Ne2 d5 18. exd5 Rxd5 19. Qa5 b6 20. Qb5 a6 21.
Qxa6 Qd6 22. Nc3 Rxd1 23. Rxd1 Qf4 24. Qxb6 Qe3+ 25. Kh1 Ng3+ 0-1

[Event "AUTO-INT-491"]
[Site "http://www.queenalice.com/game.php?id=335415"]
[Date "2008.1.12"]
[Round "2"]
[White "nas"]
[Black "Wecker"]
[Result "1-0"]
[WhiteElo "1667"]
[BlackElo "1628"]

1. e4 e5 2. Nf3 Nc6 3. Bc4 Bc5 4. O-O Nf6 5. d4 Bxd4 6. Nxd4 exd4 7. e5 d5 8.
Bb5 Nd7 9. Bxc6 bxc6 10. Qxd4 f6 11. exf6 Nxf6 12. Re1+ Kf7 13. Bg5 1-0

[Event "Challenge"]
[Site "http://www.queenalice.com/game.php?id=348722"]
[Date "2008.2.4"]
[Round "-"]
[White "BLUESHARK"]
[Black "nas"]
[Result "0-1"]
[WhiteElo "1591"]
[BlackElo "1690"]

1. e3 e5 2. d3 d5 3. Be2 Nf6 4. Nf3 Nc6 5. d4 e4 6. Ne5 Nxe5 7. dxe5 Ng8 8. Qd4
Be6 9. Bd2 Ne7 10. Na3 Nc6 11. Qa4 Qg5 12. Bb5 Bd7 13. O-O-O Qxg2 14. f4 Bc5 15.
Rdg1 Qh3 16. Rg3 Qh6 17. Qb3 a6 18. Qxd5 Bxa3 19. Bxc6 Bxc6 20. Qc4 Be7 21. f5
O-O-O 22. e6 fxe6 23. Qxe6+ Qxe6 24. fxe6 g6 25. Bc3 Rhf8 26. Rh3 h5 27. Rg3 g5
28. h3 Bd5 0-1

[Event "Challenge"]
[Site "http://www.queenalice.com/game.php?id=352718"]
[Date "2008.2.11"]
[Round "-"]
[White "nas"]
[Black "luongo_00001"]
[Result "1-0"]
[WhiteElo "1703"]
[BlackElo "1510"]

1. e4 Nf6 2. e5 Nd5 3. Nf3 d6 4. d4 Bg4 5. Be2 Nc6 6. O-O e6 7. c4 Nde7 8. Nc3
d5 9. Bg5 Bxf3 10. Bxf3 g6 11. cxd5 exd5 12. Nxd5 Qd7 13. Qb3 b6 14. Nf6+ 1-0

[Event "AUTO-ADV-732"]
[Site "http://www.queenalice.com/game.php?id=366855"]
[Date "2008.3.7"]
[Round "2"]
[White "thw"]
[Black "nas"]
[Result "0-1"]
[WhiteElo "1879"]
[BlackElo "1738"]

1. e4 e5 2. Nf3 Nf6 3. Nxe5 d6 4. Nf3 Nxe4 5. Qe2 Qe7 6. d3 Nf6 7. Bg5 h6 8.
Bxf6 gxf6 9. Nbd2 Qxe2+ 10. Bxe2 Nc6 11. O-O-O Be6 12. Rhe1 O-O-O 13. Ne4 Bg7
14. d4 Bd5 15. Nc3 Bxf3 16. Bxf3 f5 17. Bxc6 bxc6 18. Re7 Rhf8 19. Ne2 Rde8 20.
Rxe8+ Rxe8 21. Kd2 Re4 22. c3 c5 23. dxc5 d5 24. Ng3 Rg4 25. h3 Rg5 26. Rg1 Kb7
27. f4 Rxg3 0-1

[Event "AUTO-ADV-732"]
[Site "http://www.queenalice.com/game.php?id=366856"]
[Date "2008.3.7"]
[Round "2"]
[White "nas"]
[Black "thw"]
[Result "1-0"]
[WhiteElo "1714"]
[BlackElo "1903"]

1. e4 e6 2. d4 d5 3. Nc3 Nf6 4. e5 Nfd7 5. f4 c5 6. Nf3 Nc6 7. Be3 Qb6 8. b3
cxd4 9. Nxd4 Bc5 10. Nce2 O-O 11. c3 Nxd4 12. Nxd4 f6 13. Bd3 fxe5 14. Qh5 e4
15. Bc2 Nf6 16. Qh4 Bd7 17. O-O Bb5 18. Rfd1 Be2 19. Rd2 Ba6 20. Kh1 Rae8 21.
Rb1 Bd6 22. a4 e5 23. fxe5 Bxe5 24. c4 Qb4 25. cxd5 Nxd5 26. Bxe4 Nxe3 27. Bxh7+
Kf7 28. Qh5+ 1-0

[Event "AUTO-ADV-732"]
[Site "http://www.queenalice.com/game.php?id=366861"]
[Date "2008.3.7"]
[Round "2"]
[White "nas"]
[Black "Capixaba789"]
[Result "1-0"]
[WhiteElo "1760"]
[BlackElo "1807"]

1. e4 d5 2. exd5 Qxd5 3. Nc3 Qd8 4. Nf3 Nc6 5. Bb5 Bd7 6. O-O e6 7. d4 Nf6 8.
Re1 Be7 9. h3 a6 10. Bxc6 Bxc6 11. Ne5 Bd5 12. Nxd5 Qxd5 13. c4 Qd8 14. b3 O-O
15. Qf3 c6 16. Bb2 Bd6 17. Rad1 Qc7 18. Kh1 Nd7 19. Nxd7 Qxd7 20. d5 cxd5 21.
Qg4 e5 22. Qxd7 1-0

[Event "AUTO-ADV-732"]
[Site "http://www.queenalice.com/game.php?id=366862"]
[Date "2008.3.7"]
[Round "2"]
[White "Capixaba789"]
[Black "nas"]
[Result "1/2-1/2"]
[WhiteElo "1771"]
[BlackElo "1778"]

1. e4 e5 2. Nf3 Nf6 3. Bc4 Nxe4 4. O-O c6 5. Nxe5 d5 6. Bb3 Bd6 7. Nf3 O-O 8.
Nc3 b6 9. Nxe4 dxe4 10. Ne1 Na6 11. d4 Qc7 12. Qh5 c5 13. dxc5 Nxc5 14. Bd5 Bb7
15. Bxb7 Qxb7 16. Be3 Rac8 17. Bxc5 Bxc5 18. c3 e3 19. fxe3 Bxe3+ 20. Kh1 Rcd8
21. Nf3 Qd5 22. Qh3 Qb5 23. Rab1 Qd5 24. Qg4 Qxa2 25. c4 Qb3 26. Ne5 b5 27. cxb5
Qxb5 28. Qg3 f6 29. Ng4 Bb6 30. Nxf6+ Rxf6 31. Rxf6 Qxb2 32. Rff1 Qd2 33. Qb3+
Qd5 34. Qxd5+ Rxd5 35. Rfd1 Re5 36. Rd7 Re6 1/2-1/2

[Event "AUTO-ADV-732"]
[Site "http://www.queenalice.com/game.php?id=366863"]
[Date "2008.3.7"]
[Round "2"]
[White "nas"]
[Black "lrmaster"]
[Result "0-1"]
[WhiteElo "1723"]
[BlackElo "2005"]

1. e4 e5 2. Nf3 d6 3. d4 exd4 4. Nxd4 Nf6 5. Nc3 Bd7 6. Be2 Nc6 7. O-O Nxd4 8.
Qxd4 a6 9. Bg5 Be7 10. Rad1 h6 11. Be3 O-O 12. a3 Rb8 0-1

[Event "AUTO-ADV-732"]
[Site "http://www.queenalice.com/game.php?id=366864"]
[Date "2008.3.7"]
[Round "2"]
[White "lrmaster"]
[Black "nas"]
[Result "1-0"]
[WhiteElo "2010"]
[BlackElo "1718"]

1. e4 e5 2. Nf3 Nf6 3. Nxe5 d6 4. Nf3 Nxe4 5. Qe2 Qe7 6. d3 Nf6 7. Qxe7+ Bxe7 8.
Be2 Nc6 9. a3 O-O 10. O-O Bd7 11. Nc3 1-0

[Event "Comeback!"]
[Site "http://www.queenalice.com/game.php?id=449646"]
[Date "2008.8.16"]
[Round "-"]
[White "nas"]
[Black "BLUESHARK"]
[Result "0-1"]
[WhiteElo "1778"]
[BlackElo "1604"]

1. e4 e6 2. d4 d6 3. Nc3 Be7 4. Bc4 Nf6 5. Nf3 O-O 6. a4 b6 7. b4 Nbd7 8. O-O
Bb7 9. Re1 Re8 10. b5 c5 11. d5 e5 12. Ne2 Nxe4 13. Ng3 Nxg3 14. fxg3 Nf6 15.
Ng5 a5 16. Bd3 g6 0-1